Countries with the Most Hindus - Statistics

General Stats
  • This quiz has been taken 91 times
  • The average score is 8 of 10
Answer Stats
Hint Answer % Correct
973,750,000 India
100%
3,330,000 Pakistan
87%
24,170,000 Nepal
85%
1,790,000 United States
84%
890,000 United Kingdom
79%
12,680,000 Bangladesh
78%
2,830,000 Sri Lanka
75%
4,050,000 Indonesia
71%
820,000 Myanmar
66%
1,720,000 Malaysia
62%
No matching quizzes found
Score Distribution
Percent of People with Each Score
Percentile by Number Answered
Your Score History
You have not taken this quiz